Rice Eating countries - Statistics

General Stats
  • This quiz has been taken 226 times
  • The average score is 8 of 10
Answer Stats
Millions of Tonnes Country % Correct
212.1 China
98%
176.2 India
97%
83.0 Indonesia
87%
44.0 Vietnam
87%
32.2 Thailand
86%
10.8 Pakistan
85%
56.4 Bangladesh
76%
19.1 Philippines
75%
25.4 Myanmar
73%
11.7 Brazil
56%
No matching quizzes found
Score Distribution
Percent of People with Each Score
Percentile by Number Answered
Your Score History
You have not taken this quiz